Los caminos de la prueba /
Guardado en:
| Autor Principal: | |
|---|---|
| Otros Autores: | |
| Formato: | Libro |
| Idioma: | Spanish |
| Publicado: |
Ciudad Autónoma de Buenos Aires :
Editores del Sur,
2021.
|
| Edición: | 1a. ed. |
| Series: | Textos sobre estrategia y litigación
|
| Materias: | |
| Etiquetas: |
Agregar Etiqueta
Sin Etiquetas, Sea el primero en etiquetar este registro!
|
| LEADER | 00576nam a22001815a 4500 | ||
|---|---|---|---|
| 001 | DER.der014654 | ||
| 008 | 210804s2021####ag############000#0#spa#d | ||
| 005 | 20240827092431.0 | ||
| 245 | 1 | 0 | |a Los caminos de la prueba / |c Leticia Lorenzo, Mauro Lopardo. |
| 250 | |a 1a. ed. | ||
| 260 | |a Ciudad Autónoma de Buenos Aires : |b Editores del Sur, |c 2021. | ||
| 300 | |a 300 p. | ||
| 490 | 1 | |a Textos sobre estrategia y litigación | |
| 020 | |a 9789879418193 | ||
| 100 | 1 | |a Lorenzo, Leticia. | |
| 700 | 1 | |a Lopardo, Mauro. | |
| 650 | 7 | |a LITIGACION PENAL | |
| 859 | |a DERECHO |b BIB. DERECHO |h 347.06 |i LOR |p 009969 | ||
